Downfall by degrees : stories /

Podrobná bibliografie
Hlavní autor: Hussein, Abdullah
Další autoři: Memon, Muhammad Umar
Médium: Kniha
Jazyk:English
Vydáno: New Delhi : Katha, ©2003.
Témata:
Classic Catalogue: View this record in Classic Catalogue
LEADER 01211nam a22002417a 4500
001 44613
003 BD-DhAAL
005 20250813165411.0
008 250813t2003 ii ||||| |||| 00| 0deng d
020 |a 8187649399 
040 |a BD-DhAAL  |d BD-DhAAL 
082 |a 891.43937 
100 |a Hussein, Abdullah.  |9 59063 
245 |a Downfall by degrees :  |b stories /  |c Abdullah Hussein ; translated and edited by Muhammad Umar Memon. 
260 |a New Delhi :  |b Katha,  |c ©2003. 
300 |a 294 pages ;  |c 21 cm 
505 |a The rose The exile The refugees The journey back Downfall by degrees 
541 |a Donated by Farhana Zahir, Assistant Professor, BRAC Business School, BRAC University  |e 44613 
600 |a Hussein, Abdullah,  |d 1931,  |x Translations, English.  |9 59064 
700 |a Memon, Muhammad Umar.  |9 59065 
942 |2 ddc  |c BK 
999 |c 47382  |d 47382 
952 |0 0  |1 0  |2 ddc  |4 0  |6 891_439370000000000_HUS  |7 0  |9 78018  |a BRACUL  |b BRACUL  |c NEW  |d 2025-08-13  |e Donated by Farhana Zahir, Assistant Professor, BRAC Business School, BRAC University  |g 580.00  |l 1  |m 10  |o 891.43937 HUS  |p 3010044613  |q 2026-06-02  |r 2026-02-23  |s 2026-02-23  |t 1  |v 1160.00  |w 2025-08-13  |y BK  |x Donated by Farhana Zahir, Assistant Professor, BRAC Business School, BRAC University